What the Sufi Said (Record no. 35912)

MARC details
000 -LEADER
fixed length control field 00255nam a22001217a 4500
020 ## - INTERNATIONAL STANDARD BOOK NUMBER
ISBN 817167694
082 ## - DEWEY DECIMAL CLASSIFICATION NUMBER
Classification number 823
Item number RAM
100 ## - MAIN ENTRY--AUTHOR NAME
Personal name K.P. Ramanunni
245 ## - TITLE STATEMENT
Title What the Sufi Said
260 ## - PUBLICATION, DISTRIBUTION, ETC. (IMPRINT)
Place of publication NEW DELHI
Name of publisher Rupa
Year of publication 2002
300 ## - PHYSICAL DESCRIPTION
Number of Pages 174
942 ## - ADDED ENTRY ELEMENTS (KOHA)
Koha item type Books
Holdings
Withdrawn status Lost status Collection code Home library Current library Shelving location Date acquired Cost, normal purchase price Full call number Accession Number Koha item type
    English Literature St Aloysius College St Aloysius College NEW ARRIVALS 31/07/2025 150.00 823 RAM 37577 Books

Powered by Koha